[Event "UKR-chT"]
[Site "Alushta"]
[Date "1994.??.??"]
[Round "?"]
[White "Fish, Gannadij"]
[Black "Gurevich, Vladimir"]
[Result "1/2-1/2"]
[WhiteElo "2445"]
[BlackElo "2420"]

1.d4 Nf6 2.c4 g6 3.Nc3 Bg7 4.e4 d6 5.Be2 O-O 6.Nf3 e5 7.O-O Nc6 8.Be3 Ng4
9.Bg5 f6 10.Bc1 Kh8 11.h3 Nh6 12.Be3 f5 13.Bg5 Qe8 14.d5 Nd8 15.Nb5 Qd7 16.c5 fxe4
17.Nd2 a6 18.Nc3 dxc5 19.Ndxe4 b6 20.Bxh6 Bxh6 21.Bg4 Qe7 22.Bxc8 Rxc8 23.Qa4 Ra8
24.Rad1 Nf7 25.d6 cxd6 26.Qc6 Rfc8 27.Qxb6 Bf8 28.Nd5 Qd7 29.Qa5 Rab8 30.Qc3 Bg7
31.b3 a5 32.Ne3 a4  1/2-1/2

[Event "Alushta1"]
[Site "Alushta"]
[Date "1994.??.??"]
[Round "8"]
[White "Ovsejevitsch, Sergei"]
[Black "Kochetkov, German"]
[Result "0-1"]
[WhiteElo "2325"]
[BlackElo "2295"]

1.d4 Nf6 2.Nf3 g6 3.c4 Bg7 4.Nc3 O-O 5.e4 d6 6.Be2 e5 7.O-O Nc6 8.Be3 Ng4
9.Bg5 f6 10.Bc1 Kh8 11.d5 Ne7 12.Nd2 f5 13.Bxg4 fxg4 14.b4 c6 15.Nb3 cxd5
16.cxd5 Bd7 17.Be3 Rc8 18.Qd2 Rc4 19.a3 Qc7 20.Rfc1 Rc8 21.Nd1 b6 22.Nb2 Rc2
23.Rxc2 Qxc2 24.Qxc2 Rxc2 25.Rb1 Ng8 26.a4 Bh6 27.Bxh6 Nxh6 28.Kf1 g3 29.hxg3 Ng4
30.Nd1 Bxa4 31.Ke1 Ra2 32.Nc3 Bxb3 33.Nxa2 Bxa2 34.Ra1 Bc4 35.Rxa7  0-1

[Event "Alushta2"]
[Site "Alushta"]
[Date "1994.??.??"]
[Round "9"]
[White "Tosic, Miroslav"]
[Black "Golubev, Mihail"]
[Result "0-1"]
[WhiteElo "2445"]
[BlackElo "2560"]

1.d4 Nf6 2.c4 g6 3.Nc3 Bg7 4.e4 d6 5.Nf3 O-O 6.Be2 e5 7.O-O Nc6 8.d5 Ne7
9.a4 a5 10.Ne1 Nd7 11.Be3 f5 12.f3 f4 13.Bf2 g5 14.Nb5 h5 15.Nd3 b6 16.b4 axb4
17.a5 Rxa5 18.Rxa5 bxa5 19.Qa4 g4 20.Qxa5 Ng6 21.Qxc7 g3 22.hxg3 fxg3 23.Bxg3 Qg5
24.Bh2 Nc5 25.Nxc5 Qe3+ 26.Rf2 dxc5 27.Qb6 Nf4 28.Bf1 Nh3+ 29.gxh3 Rxf3 30.Qd8+ Bf8
31.Bg3 Rxg3+ 32.Bg2 Rxg2+ 33.Kxg2 Bxh3+ 34.Kh2 Qxf2+ 35.Kxh3 Qf3+ 36.Kh2 Qf4+
37.Kh3 b3 38.d6 b2 39.Nc3 Qf3+ 40.Kh2 Qxc3 41.Qg5+ Bg7 42.d7 Qc2+  0-1

[Event "Alushta3"]
[Site "Alushta"]
[Date "1994.??.??"]
[Round "10"]
[White "Fish, Gannadij"]
[Black "Korotylev, Alexey"]
[Result "1/2-1/2"]
[WhiteElo "2445"]
[BlackElo "2415"]

1.d4 Nf6 2.c4 g6 3.Nc3 Bg7 4.e4 d6 5.Nf3 O-O 6.Be2 e5 7.O-O Nc6 8.Be3 Ng4
9.Bg5 f6 10.Bh4 Nh6 11.dxe5 dxe5 12.Qxd8 Nxd8  1/2-1/2

[Event "AUT-ch"]
[Site "Austria"]
[Date "1994.??.??"]
[Round "8"]
[White "Frosch, Erich"]
[Black "Liedl, Wolfgang"]
[Result "1-0"]
[WhiteElo "2280"]
[BlackElo "2230"]

1.d4 Nf6 2.Nf3 g6 3.c4 Bg7 4.Nc3 O-O 5.e4 d6 6.Be2 e5 7.O-O Nc6 8.d5 Ne7
9.b4 Nh5 10.Re1 Nf4 11.Bf1 Bg4 12.h3 Bd7 13.c5 f5 14.Ba3 fxe4 15.Nxe4 Bf5
16.cxd6 cxd6 17.b5 Bxe4 18.Rxe4 Kh8 19.Qb3 Qb6 20.Rd1 Rac8 21.Bb4 Nf5 22.a4 Nd4
23.Nxd4 exd4 24.g3 Nh5 25.Bd3 Rc3 26.Qa2 Rcc8 27.Re6 Be5 28.Re1 a5 29.Bd2 Nxg3
30.R1xe5 Qc7 31.Rg5 Qf7 32.f4 Nh5 33.Qb2 Nxf4 34.Qxd4+ Kg8 35.Bxf4 Qxf4 36.Rexg6+  1-0

[Event "AUT-ch"]
[Site "Austria"]
[Date "1994.??.??"]
[Round "8"]
[White "Steiner, Guenter"]
[Black "Krebs, Johann"]
[Result "0-1"]
[WhiteElo "2225"]
[BlackElo "2120"]

1.d4 Nf6 2.c4 g6 3.Nc3 Bg7 4.e4 d6 5.Nf3 O-O 6.Be2 e5 7.O-O Nc6 8.d5 Ne7
9.b4 Nh5 10.g3 f5 11.Ng5 Nf6 12.f3 h6 13.Ne6 Bxe6 14.dxe6 c6 15.b5 Ne8 16.Rb1 Nc7
17.bxc6 bxc6 18.Ba3 c5 19.Nb5 Nxe6 20.Qxd6 Qxd6 21.Nxd6 Rfd8 22.Nb7 Rd2 23.Nxc5 Nd4
24.Bd1 Rxa2 25.Rb7 Rxa3 26.Rxe7 Rc8 27.Nd7 Rxc4 28.Nxe5 Rc1 29.exf5 gxf5
30.Ng6 Raa1 31.Ree1 a5 32.Ne7+ Kf8 33.Ng6+ Kf7 34.Nf4 Nxf3+ 35.Rxf3 Rxd1
36.Rxd1 Rxd1+ 37.Kf2 Rd2+ 38.Ke3 Rxh2 39.Ne2 Ke6 40.Rf4 Be5 41.Ra4 Bc7 42.Kf3 h5
43.Nd4+ Kf6 44.Ne2 Bb6 45.Rc4 Rf2+  0-1

[Event "AUT-ch"]
[Site "Austria"]
[Date "1994.??.??"]
[Round "9"]
[White "Liedl, Wolfgang"]
[Black "Knoll, Hermann"]
[Result "0-1"]
[WhiteElo "2230"]
[BlackElo "2290"]

1.d4 Nf6 2.c4 g6 3.Nc3 Bg7 4.e4 d6 5.Nf3 O-O 6.Be2 e5 7.O-O Nc6 8.d5 Ne7
9.Nd2 a5 10.a3 Nd7 11.Rb1 f5 12.b4 Kh8 13.Qc2 Ng8 14.f3 Ngf6 15.Bd3 f4 16.Be2 g5
17.g4 fxg3 18.hxg3 Nh5 19.Kg2 Ndf6 20.Rh1 g4 21.Qd1 Bh6 22.fxg4 Nxg3 23.Rxh6 Nxe2
24.Nxe2 Nxg4 25.Nf3 Rxf3 26.Rh5 Rf2+ 27.Kg1 Qf6 28.Ng3 Bd7 29.bxa5  0-1

[Event "AUT-chT"]
[Site "?"]
[Date "1994.??.??"]
[Round "?"]
[White "Freitag, Manfred"]
[Black "Schlosser, Michael"]
[Result "1/2-1/2"]
[WhiteElo "2275"]
[BlackElo "2400"]

1.d4 Nf6 2.c4 g6 3.Nc3 Bg7 4.e4 d6 5.Be2 O-O 6.Nf3 e5 7.O-O Nc6 8.d5 Ne7
9.b4 Nh5 10.c5 h6 11.g3 f5 12.Nd2 Nf6 13.f3 f4 14.g4 h5 15.h3 hxg4 16.hxg4 g5
17.Nc4 Ng6 18.Bd2 Rf7 19.Be1 Bf8 20.cxd6 Bxd6 21.a3 Rh7 22.Kg2 Qf8 23.Bf2 Bxg4
24.fxg4 f3+ 25.Bxf3 Nf4+ 26.Kg1 Nh3+ 27.Kg2  1/2-1/2

[Event "AUT-chT"]
[Site "?"]
[Date "1994.??.??"]
[Round "?"]
[White "Volkmann, Friedrich"]
[Black "Freitag, Manfred"]
[Result "1-0"]
[WhiteElo "2320"]
[BlackElo "2275"]

1.Nf3 Nf6 2.c4 g6 3.Nc3 Bg7 4.e4 d6 5.d4 O-O 6.Be2 e5 7.O-O Nc6 8.d5 Ne7
9.Ne1 Nd7 10.Be3 f5 11.f3 f4 12.Bf2 g5 13.a4 Ng6 14.a5 Nf6 15.c5 Rf7 16.Nd3 Bf8
17.c6 bxc6 18.dxc6 Be6 19.Nb4 Qc8 20.Ba6 Qe8 21.Ncd5 Nxd5 22.exd5 Bf5 23.Bb7 e4
24.fxe4 Bxe4 25.Bxa8 Qxa8 26.Re1 Re7 27.a6 Qc8 28.Bxa7 Nh4 29.Bf2 Bxg2 30.Bxh4 Qh3
31.Ra3 f3 32.Rxe7 Qxh4 33.Qe1 Qd4+ 34.Qf2 Qg4 35.Ree3 h5 36.Qg3 Qf5 37.Rxf3 Bxf3
38.Rxf3 Qb1+ 39.Rf1 Qxb2 40.Qf2  1-0

[Event "AUT-chT"]
[Site "?"]
[Date "1994.??.??"]
[Round "?"]
[White "Freitag, Manfred"]
[Black "Cigan, Stefan"]
[Result "0-1"]
[WhiteElo "2275"]
[BlackElo "2365"]

1.d4 Nf6 2.c4 g6 3.Nc3 Bg7 4.e4 d6 5.Be2 O-O 6.Nf3 e5 7.O-O Nc6 8.d5 Ne7
9.b4 a5 10.Ba3 axb4 11.Bxb4 b6 12.a4 Bd7 13.a5 Nc8 14.axb6 Rxa1 15.Qxa1 cxb6
16.Qa3 Qe7 17.Re1 Rd8 18.Bd1 Be8 19.Ba4 Nd7 20.Bc6 Nc5 21.Nb5 Bh6 22.Nd2 f5
23.exf5 gxf5 24.Qh3 Qf6 25.Bxe8 Rxe8 26.Nf1 Ne7 27.Ra1 Rc8 28.Ra7 Bf4 29.Qa3 e4
30.Bc3 Qf8 31.Ng3 Be5 32.Rxe7 Qxe7 33.Nxf5 Qf6 34.Nbxd6 Rf8 35.Nh6+ Qxh6
36.Bxe5 Nd3 37.Bg3 Qd2 38.h3 Nxf2 39.Kh2 e3 40.c5 Qe1 41.Be5 Ng4+  0-1

[Event "AUT-chT2S 9394"]
[Site "AUT"]
[Date "1994.??.??"]
[Round "?"]
[White "Fassl, Erich"]
[Black "Januschke, Markus"]
[Result "1-0"]
[WhiteElo "2245"]
[BlackElo "2120"]

1.d4 Nf6 2.c4 g6 3.Nc3 Bg7 4.e4 d6 5.Nf3 O-O 6.Be2 e5 7.O-O Nc6 8.d5 Ne7
9.Nd2 Nd7 10.b4 f5 11.f3 Bh6 12.Qc2 Be3+ 13.Kh1 f4 14.Nb3 Bxc1 15.Rfxc1 Nf6
16.c5 Bd7 17.Na5 Rb8 18.Nc4 Ne8 19.a4 Rf6 20.a5 g5 21.b5 Ng6 22.c6 Bc8 23.cxb7 Rxb7
24.Rab1 h5 25.Na4 g4 26.b6 Rf7 27.a6 Qh4 28.Bf1 Rxb6 29.Ncxb6 axb6 30.a7 Bb7
31.Bb5 Nf6 32.Bc6 g3 33.h3 Bc8 34.a8=Q Rf8 35.Qxc8 Rxc8 36.Nc3 Ng4 37.Nd1 Rf8
38.Kg1 Nh2 39.Qe2 Qg5 40.Bd7 Nh4 41.Be6+ Kh8  1-0

[Event "AUT-chT2S 9394"]
[Site "AUT"]
[Date "1994.??.??"]
[Round "?"]
[White "Jetzl, Joerg"]
[Black "Baumegger, Siegfried"]
[Result "0-1"]
[WhiteElo "2255"]
[BlackElo "2260"]

1.d4 Nf6 2.c4 g6 3.Nc3 Bg7 4.e4 d6 5.Nf3 O-O 6.Be2 e5 7.O-O Nc6 8.d5 Ne7
9.Ne1 Nd7 10.Be3 f5 11.f3 f4 12.Bf2 g5 13.g4 fxg3 14.hxg3 Ng6 15.Kg2 h5 16.Rh1 h4
17.g4 a5 18.Nd3 Rf7 19.Nb5 Bf8 20.Be3 Nc5 21.b3 Bd7 22.Qd2 Nxd3 23.Bxd3 Bxb5
24.cxb5 Nf4+ 25.Bxf4 Rxf4 26.b4 b6 27.a4 Qf6 28.Be2 Be7 29.Qc3 Rf8 30.Rhf1 axb4
31.Qxc7 Bd8 32.Qc4 Qh6 33.Kh3 R4f7 34.Rac1 Qf6 35.Qxb4 Qf4 36.Qe1 Qe3 37.Rc3 Rxf3+
38.Bxf3 Rxf3+ 39.Kg2 Qxc3  0-1

[Event "Bahn-chG"]
[Site "Bad Laasphe"]
[Date "1994.??.??"]
[Round "6"]
[White "Richard, Clemens"]
[Black "Mietner, Franz"]
[Result "1/2-1/2"]
[WhiteElo "1785"]
[BlackElo "1800"]

1.d4 Nf6 2.c4 g6 3.Nc3 Bg7 4.e4 d6 5.Nf3 O-O 6.Be2 e5 7.O-O Nc6 8.d5 Ne7
9.Ne1 Nd7 10.Be3 f5 11.f3 f4 12.Bf2 Nf6 13.b4 b6 14.c5 Rf7 15.cxd6 cxd6 16.Rc1 g5
17.b5 Ng6 18.Nd3 h5 19.Nb4 Bd7 20.Nc6 Qe8 21.a4 g4 22.Kh1 Bh6 23.a5 bxa5
24.Nxa5 g3 25.Bg1 Rg7 26.Rc2 Nh4  1/2-1/2

[Event "Bad Ragaz"]
[Site "Bad Ragaz"]
[Date "1994.??.??"]
[Round "3"]
[White "Raeber, Markus"]
[Black "Gallagher, Joseph G"]
[Result "0-1"]
[WhiteElo "2000"]
[BlackElo "2485"]

1.d4 Nf6 2.c4 g6 3.Nc3 Bg7 4.e4 d6 5.Nf3 O-O 6.Be2 e5 7.O-O Nc6 8.d5 Ne7
9.b4 Nh5 10.g3 f5 11.Ng5 Nf6 12.f3 c6 13.b5 h6 14.Ne6 Bxe6 15.dxe6 Qc7 16.bxc6 bxc6
17.Be3 Rfd8 18.Qd2 Qc8 19.Bxh6 Qxe6 20.Bxg7 Kxg7 21.Rab1 Rd7 22.Rfd1 Rad8
23.Qg5 d5 24.cxd5 cxd5 25.exd5 Nexd5 26.Bc4 Qe7 27.Nxd5 Nxd5 28.Qxe7+ Nxe7
29.Rxd7 Rxd7 30.Rb8 Rc7 31.Bb3 Nc8 32.Kf2 Kf6 33.h4 e4 34.fxe4 fxe4 35.Ke3 Nd6
36.Kf4 Rc3 37.Rf8+ Ke7 38.Rg8 e3 39.Kf3 Nf5 40.Rxg6 Nd4+ 41.Kg2 e2 42.Kf2 Rf3+  0-1

[Event "Bad Woerishofen op"]
[Site "Bad Woerishofen"]
[Date "1994.??.??"]
[Round "5"]
[White "Siegel, Georg"]
[Black "Kupreichik, Viktor D"]
[Result "0-1"]
[WhiteElo "2385"]
[BlackElo "2515"]

1.d4 Nf6 2.c4 g6 3.Nc3 Bg7 4.e4 d6 5.Be2 O-O 6.Nf3 e5 7.O-O Nc6 8.d5 Ne7
9.b4 Nh5 10.c5 f5 11.Nd2 Nf4 12.Bf3 g5 13.cxd6 cxd6 14.exf5 Nxf5 15.Be4 Bd7
16.Bb2 Rc8 17.Nb3 Rc4 18.a3 Nh4 19.Nd2 Rd4 20.Ne2 Ba4 21.Qe1 Rxe4 22.Nxe4 Nfxg2
23.Qb1 Bb5 24.N2g3 Bxf1 25.Qxf1 Nf4 26.Kh1 g4 27.Rd1 Nf3 28.Nd2 Nxh2 29.Kxh2 Qh4+
30.Kg1 Nh3+ 31.Qxh3 gxh3  0-1

[Event "Badenweiler op"]
[Site "Badenweiler"]
[Date "1994.??.??"]
[Round "3"]
[White "Mathonia, Claude"]
[Black "Solomunovic, Igor"]
[Result "0-1"]
[WhiteElo "2220"]
[BlackElo "2330"]

1.d4 Nf6 2.c4 g6 3.Nc3 Bg7 4.e4 d6 5.Nf3 O-O 6.Be2 e5 7.O-O Nc6 8.d5 Ne7
9.Ne1 Nd7 10.Nd3 f5 11.Bd2 c5 12.Qb1 fxe4 13.Nxe4 Nf5 14.b4 b6 15.f3 h6 16.Ndf2 Ba6
17.Bd3 Qc7 18.b5 Bb7 19.Ng3 e4 20.Bxe4 Bxa1 21.Qxa1 Ne5 22.Rc1 Qg7 23.Bxf5 gxf5
24.Bc3 f4 25.Nge4 Nxf3+ 26.Kh1 Nd4 27.Nxd6 Qe7 28.Nfe4 Nf5 29.Nxb7 Qxb7 30.Nf6+ Rxf6
31.Bxf6 Re8 32.Rf1 Ne3 33.Qb1 Qh7 34.d6 Nxf1 35.d7 Ng3+  0-1

[Event "EUCup Gr4"]
[Site "Balatonbereny"]
[Date "1994.??.??"]
[Round "?"]
[White "Sherbakov, Ruslan"]
[Black "Sanden, Stefan"]
[Result "1-0"]
[WhiteElo "2510"]
[BlackElo "2300"]

1.d4 Nf6 2.c4 g6 3.Nc3 Bg7 4.e4 d6 5.Be2 O-O 6.Nf3 e5 7.O-O Nc6 8.d5 Ne7
9.Nd2 a5 10.Rb1 Nd7 11.a3 f5 12.b4 Kh8 13.f3 Ng8 14.Qc2 b6 15.Nb5 Rf7 16.Nb3 a4
17.Nd2 Bh6 18.exf5 gxf5 19.f4 Bxf4 20.Rxf4 exf4 21.Nf3 Ne5 22.Nbd4 Nxf3+
23.Bxf3 Nf6 24.Bb2 Kg8 25.Ne6 Qe7 26.Qc3 Bd7 27.Re1 Re8 28.Bh5  1-0

[Event "Balatonbereny op"]
[Site "Balatonbereny"]
[Date "1994.??.??"]
[Round "1"]
[White "Gleizerov, Evgeny"]
[Black "Hoeckendorf, Hartmut"]
[Result "1-0"]
[WhiteElo "2520"]
[BlackElo "2235"]

1.d4 Nf6 2.c4 g6 3.Nc3 Bg7 4.e4 d6 5.Nf3 O-O 6.Be2 e5 7.O-O Nc6 8.d5 Ne7
9.Nd2 Kh8 10.b4 Nd7 11.Ba3 a5 12.bxa5 Rxa5 13.Bb4 Ra8 14.Nb3 f5 15.c5 dxc5
16.Nxc5 Nxc5 17.Bxc5 Rf6 18.a4 b6 19.Ba3 Bb7 20.f3 Bh6 21.Kh1 c6 22.Bb2 Bg7
23.dxc6 Nxc6 24.Nd5 Rd6 25.Ba3 Re6 26.Bc4 Nd4 27.Rb1 Rc6 28.Ba2 Ba6 29.Re1 Rc2
30.Rb2 Rac8 31.Bb3 Be2 32.Qb1 Qh4 33.Rxc2 Rxc2 34.Be7 Qf2 35.Bxc2 Nxc2 36.Rg1 h5
37.Qxc2  1-0

[Event "Balatonbereny op"]
[Site "Balatonbereny"]
[Date "1994.??.??"]
[Round "6"]
[White "Kecskes, Gabor"]
[Black "Grabics, Monika"]
[Result "0-1"]
[WhiteElo "2110"]
[BlackElo "2325"]

1.d4 Nf6 2.c4 g6 3.Nc3 Bg7 4.e4 d6 5.Be2 O-O 6.Nf3 e5 7.O-O Nc6 8.d5 Ne7
9.Ne1 Nd7 10.Be3 f5 11.f3 Nf6 12.c5 f4 13.Bf2 g5 14.Rc1 Ng6 15.Kh1 Rf7 16.a4 h5
17.cxd6 cxd6 18.Nb5 g4 19.Nxa7 g3 20.Bg1 gxh2 21.Bf2 h4 22.Nb5 Nh5 23.Kxh2 Ng3
24.Rg1 h3 25.gxh3 Bxh3 26.Kxh3 Bf8 27.Bxg3 Rh7+ 28.Kg2 fxg3 29.Kf1 Qb6 30.Nd3 Rh2
31.Rxg3 Rh1+ 32.Kg2 Rxd1 33.Rxd1 Qe3 34.Rxg6+ Kf7  0-1

[Event "Oberliga Bayern9394"]
[Site "Bayern"]
[Date "1994.??.??"]
[Round "?"]
[White "Pohl Kuemmel, Jens Uwe"]
[Black "Vodicka, Vladimir"]
[Result "0-1"]
[WhiteElo "2295"]
[BlackElo "2355"]

1.c4 Nf6 2.Nc3 d6 3.d4 g6 4.e4 Bg7 5.Nf3 O-O 6.Be2 e5 7.O-O Nc6 8.d5 Ne7
9.Nd2 Nd7 10.b4 f5 11.c5 Nf6 12.f3 Bh6 13.Nc4 Bxc1 14.Qxc1 f4 15.Qa3 Ne8
16.Rac1 g5 17.Nb5 Bd7 18.Na5 a6 19.Nc3 Qb8 20.Kh1 Kh8 21.Nc4 b5 22.cxb6 cxb6
23.Qb2 b5 24.Na5 Nf6 25.Nd1 Qb6 26.Nf2 Rg8 27.Nd3 Ng6 28.Nc6 Raf8 29.Bd1 g4
30.Qf2 Qb7 31.Qc2 gxf3 32.Bxf3 Rc8 33.Na5 Qb8 34.Qf2 Ng4 35.Bxg4 Bxg4 36.Nc6 Qb7
37.h3 Bd7 38.Na5 Qb8 39.Kh2 Rcf8 40.Rc2 Qd8 41.Nb7 Qf6 42.Ne1 Nh4 43.Nxd6 Rg3
44.Nf5 Nxf5 45.exf5 Rfg8 46.Rg1 Qxf5 47.Kh1 Qf6 48.Nf3 e4 49.Qd4 Qxd4 50.Nxd4 f3
51.Ne6 e3 52.Nf4 f2 53.Rf1 Bf5 54.Rc3 Be4 55.d6 Bxg2+ 56.Nxg2 Rxg2  0-1

[Event "JUG-chT Cup"]
[Site "Becici"]
[Date "1994.??.??"]
[Round "?"]
[White "Barlov, Dragan"]
[Black "Sahovic, Dragutin"]
[Result "1/2-1/2"]
[WhiteElo "2500"]
[BlackElo "2435"]

1.d4 Nf6 2.c4 g6 3.Nc3 Bg7 4.e4 d6 5.Be2 O-O 6.Nf3 e5 7.O-O Nc6 8.d5 Ne7
9.Ne1 Ne8 10.Nd3 f5 11.f3 f4 12.Bd2 g5 13.g4 h5 14.h3 Rf7 15.Be1 Bf8 16.Bf2 Rh7
17.Kg2 Ng6 18.Rh1 Bd7 19.b4 Nf6 20.a4 Be7 21.a5 Kg7 22.c5 hxg4 23.hxg4 Nh4+
24.Bxh4 gxh4 25.a6 b6 26.cxb6 cxb6 27.Nf2 Qe8 28.Rc1 b5 29.Bd3 Bd8 30.Qe2 Rb8
31.Rc2 Ng8 32.Nh3 Rh8 33.Nd1 Rb6 34.Ra2 Nh6 35.Ndf2 Nf7 36.Rc1 Rb8 37.Rac2 Bb6
38.Rc3 Be3 39.R1c2 Bb6 40.Rc1 Be3 41.R1c2 Bb6 42.Qf1 Rh6  1/2-1/2

[Event "Belgrade Trako"]
[Site "Belgrade"]
[Date "1994.??.??"]
[Round "5"]
[White "Nestorovic, Dejan"]
[Black "Sahovic, Dragutin"]
[Result "1/2-1/2"]
[WhiteElo "2365"]
[BlackElo "2435"]

1.d4 Nf6 2.c4 g6 3.Nc3 Bg7 4.e4 d6 5.Nf3 O-O 6.Be2 e5 7.O-O Nc6 8.d5 Ne7
9.Ne1 Ne8 10.Be3 f5 11.f3 f4 12.Bf2 g5 13.c5 Rf7 14.a4 Bf8 15.cxd6 cxd6 16.Nb5 a6
17.Na3 Bd7 18.Nc4 Nc8 19.a5 Rg7 20.Nd3 h5 21.h3 g4 22.fxg4 hxg4 23.Bxg4 Bxg4
24.hxg4 Qg5 25.Bb6 Nf6 26.Nf2 Nh5 27.Qf3 Ng3 28.Rfc1 Rh7 29.Ra3 Qh6 30.Nh3 Qg6
31.Nd2 Nxb6 32.axb6 Be7 33.Rac3 Rf8 34.Kh2  1/2-1/2

[Event "Belgrade"]
[Site "Belgrade"]
[Date "1994.??.??"]
[Round "9"]
[White "Skembris, Spyridon"]
[Black "Greenfeld, Alon"]
[Result "1/2-1/2"]
[WhiteElo "2525"]
[BlackElo "2600"]

1.d4 Nf6 2.Nf3 g6 3.c4 Bg7 4.Nc3 O-O 5.e4 d6 6.Be2 e5 7.O-O Nc6 8.Be3 Re8
9.d5 Nd4 10.Nxd4 exd4 11.Bxd4 Nxe4 12.Bxg7 Kxg7 13.Rc1 Bf5 14.Bd3 Nxc3  1/2-1/2

[Event "Berliner Sommer"]
[Site "Berlin"]
[Date "1994.??.??"]
[Round "?"]
[White "Ahlander, Bjorn"]
[Black "Mudelsee, Manfred"]
[Result "1-0"]
[WhiteElo "2405"]
[BlackElo "2275"]

1.d4 Nf6 2.c4 g6 3.Nc3 Bg7 4.e4 d6 5.Be2 O-O 6.Nf3 e5 7.O-O Nc6 8.d5 Ne7
9.b4 c5 10.bxc5 dxc5 11.a4 a5 12.Rb1 Ne8 13.Ne1 f5 14.Nd3 b6 15.Qb3 Ra6 16.f4 fxe4
17.Nxe5 Nd6 18.Nb5 g5 19.Nc6 Nxc6 20.dxc6 Nf5 21.fxg5 Nd4 22.Rxf8+ Kxf8 23.Qe3 Nxc6
24.Qxe4 Nd4 25.Bb2 Bf5 26.Rf1 Kg8 27.Rxf5 Nxf5 28.Bxg7 Nxg7 29.Bf3 Qe8 30.Qxe8+ Nxe8
31.Bb7 Nc7 32.Nxc7 Ra7 33.Bd5+ Kg7 34.Ne6+ Kg6 35.g4  1-0

[Event "Berliner Sommer"]
[Site "Berlin"]
[Date "1994.??.??"]
[Round "?"]
[White "Richter, M."]
[Black "Roeder, Mathias"]
[Result "0-1"]
[WhiteElo "2240"]
[BlackElo "2425"]

1.d4 Nf6 2.c4 g6 3.Nc3 Bg7 4.e4 d6 5.Be2 O-O 6.Nf3 e5 7.O-O Nc6 8.d5 Ne7
9.Ne1 Nd7 10.Be3 f5 11.f3 f4 12.Bf2 g5 13.Rc1 Ng6 14.b4 Nf6 15.c5 Rf7 16.cxd6 cxd6
17.Kh1 h5 18.Nb5 a6 19.Na7 Bd7 20.Qc2 g4 21.Qc7 Qf8 22.Qb6 Bh6 23.Rc7 Rb8
24.b5 g3 25.Bg1 gxh2 26.Bxh2 h4 27.bxa6 bxa6 28.Qxa6 Nh5 29.Bb5 Bxb5 30.Nxb5 Rxc7
31.Nxc7 Ng3+ 32.Bxg3 fxg3 33.Nb5 Ra8 34.Qxd6 Qxd6 35.Nxd6 Rxa2 36.Nf5 Bg5
37.Nd3 Rd2 38.Ne1 Rd1  0-1

[Event "Berliner Sommer"]
[Site "Berlin"]
[Date "1994.??.??"]
[Round "?"]
[White "Bachmann, Andreas"]
[Black "Frolov, Artur"]
[Result "0-1"]
[WhiteElo "2275"]
[BlackElo "2540"]

1.d4 Nf6 2.c4 g6 3.Nc3 Bg7 4.e4 d6 5.Nf3 O-O 6.Be2 e5 7.O-O Nc6 8.d5 Ne7
9.Ne1 Nd7 10.Be3 f5 11.f3 f4 12.Bf2 g5 13.a4 a5 14.Nd3 b6 15.Be1 Nf6 16.Nf2 h5
17.h3 Kh8 18.b4 Neg8 19.Nb5 Nh6 20.c5 bxc5 21.bxc5 Rf7 22.cxd6 cxd6 23.Rc1 Bf8
24.Qc2 Ne8 25.Qd3 Rg7 26.Rc2 Kg8 27.Qd1 Bd7 28.Qc1 Be7 29.Qd2 Qb8 30.Rb2 Bd8
31.Nd4 Bb6 32.Ne6 Bxe6 33.dxe6 g4 34.hxg4 hxg4 35.fxg4 Nf6 36.Kh1 Qc7 37.Qd3 Be3
38.g5 Rxg5 39.Nh3 Rg7 40.Rc2 Bc5 41.Bf2 Nhg4 42.Bxc5 dxc5 43.Rfc1 Qe7 44.Rxc5 Qxe6
45.Qc3 Kh8 46.Bf3 Rag8 47.Rc6 Qa2 48.Qxa5 Nf2+ 49.Nxf2 Qxf2  0-1

[Event "Berliner Sommer"]
[Site "Berlin"]
[Date "1994.??.??"]
[Round "?"]
[White "Sulzbach, Sven"]
[Black "Maiwald, Jens Uwe"]
[Result "0-1"]
[WhiteElo "2240"]
[BlackElo "2445"]

1.d4 Nf6 2.c4 g6 3.Nc3 Bg7 4.e4 d6 5.Be2 O-O 6.Nf3 e5 7.O-O Nc6 8.d5 Ne7
9.Ne1 Nd7 10.Be3 f5 11.f3 f4 12.Bf2 g5 13.a4 Ng6 14.a5 h5 15.c5 Nxc5 16.Bxc5 dxc5
17.a6 b6 18.Nc2 Rf6 19.b4 Bf8 20.Na4 cxb4 21.Qd2 c5 22.Ne1 Bd6  0-1

[Event "Berliner Sommer"]
[Site "Berlin"]
[Date "1994.??.??"]
[Round "?"]
[White "Titzhoff, Frank"]
[Black "Velikhanli, Firuza"]
[Result "1/2-1/2"]
[WhiteElo "2155"]
[BlackElo "2315"]

1.d4 Nf6 2.c4 g6 3.Nc3 Bg7 4.e4 d6 5.Be2 O-O 6.Nf3 e5 7.O-O Nc6 8.d5 Ne7
9.Ne1 a5 10.Nd3 Nd7 11.Bd2 f5 12.Rc1 Kh8 13.f3 f4 14.g4 h5 15.h3 Ng8 16.Be1 Bf6
17.Bf2 Bh4 18.Qe1 Bxf2+ 19.Qxf2 b6 20.a3 Nc5 21.Nxc5 bxc5 22.Bd1 hxg4 23.hxg4 Qg5
24.Kg2 Kg7 25.Rh1 Rb8 26.Nb5 Nf6 27.Qh4 Qxh4 28.Rxh4 Bd7 29.Ba4 Nh7 30.b3 Ng5
31.Rch1 Bxb5 32.Bxb5 Rh8 33.Rxh8 Rxh8 34.Rxh8 Kxh8 35.Be8 Kg7 36.Kf2 Kf6
37.Kg2 Nh7 38.Kh3 g5 39.a4 Ke7 40.Bg6 Nf6 41.Bf5 Kd8 42.Kg2 Ng8 43.Kf2 Ne7
44.Be6 c6 45.Ke2 Kc7 46.Kd3 Kb6 47.Bd7 cxd5 48.cxd5 Ng6 49.Bb5 Nh4 50.Ke2 c4
51.Bxc4 Kc5 52.Kf2 Kb4 53.Bb5 Kxb3 54.Be8 Kb4 55.Bc6 Ng6 56.Ke2 Ne7 57.Bd7 Kb3
58.Kd3 Ng6 59.Ke2 Kb4 60.Kf2 Kc5 61.Ke2 Kb6 62.Be8 Ne7 63.Kd3 Kc5 64.Kc3 Nc8
65.Bd7 Nb6 66.Bb5 Na8 67.Bd7 Nc7 68.Bc8 Ne8 69.Bd7 Nf6 70.Bf5 Ng8 71.Bd7 Ne7
72.Be8  1/2-1/2

[Event "Berliner Sommer"]
[Site "Berlin"]
[Date "1994.??.??"]
[Round "?"]
[White "Zagorskis, Darius"]
[Black "Timoshenko, Georgy"]
[Result "1/2-1/2"]
[WhiteElo "2485"]
[BlackElo "2550"]

1.d4 Nf6 2.c4 g6 3.Nc3 Bg7 4.e4 d6 5.Nf3 O-O 6.Be2 e5 7.O-O Nc6 8.d5 Ne7
9.b4 Nh5 10.Nd2 Nf4 11.Bf3 Nd3 12.Ba3 b6 13.Be2 Nf4 14.c5 Nxe2+ 15.Qxe2 bxc5
16.bxc5 a5 17.Nc4 Ba6 18.Rab1 f5 19.f3 Qd7 20.Rfc1 fxe4 21.fxe4 Bh6 22.c6 Qe8
23.Rc2 Qf7 24.Nd1 Nxd5 25.exd5 Qxd5 26.Bc1 Bg7 27.Nde3 Qxc6 28.Qd1 Qc5 29.Qd5+ Qxd5
30.Nxd5 Rf7 31.Bd2 Raf8 32.Bxa5 e4 33.h3 Bd4+ 34.Kh2 e3 35.Ndxe3 Bxe3 36.Nxe3 Bd3
37.Rbc1 Bxc2 38.Rxc2 c5 39.Rd2 Ra8 40.Bb6 Re7 41.Nc4 Re4 42.Nxd6 Rd4 43.Rxd4 cxd4
44.Bxd4 Rxa2 45.Be5 h5 46.h4 Ra5 47.Bf4 Ra3 48.Bg5 Ra6 49.Nc4 Ra4 50.Ne5 Kg7
51.Kg3 Re4 52.Nf3 Ra4 53.Nd2 Kf7 54.Nf1 Ke6 55.Ne3 Ke5 56.Kf3 Rb4 57.g3 Ra4
58.Bh6 Ke6 59.Bg7 Kf7 60.Bh8 Ra8 61.Bd4 Ke6 62.Ke4 Ra3 63.Nf1 Rb3 64.Be3 Rb4+
65.Kf3 Ra4 66.Nd2 Ke5 67.Nb3 Rb4 68.Nd4 Ra4 69.Nc6+ Kd6 70.Nd8 Ke5 71.Bf4+ Kf5
72.Nc6 Ra3+ 73.Be3 Ra4 74.Ne7+ Kf6 75.Bg5+ Kf7 76.Nd5 Ke6 77.Ne3 Rb4 78.Bh6 Ra4
79.Bf4 Rb4 80.g4 hxg4+ 81.Kxg4 Kf7 82.Kf3  1/2-1/2

[Event "Berliner Sommer"]
[Site "Berlin"]
[Date "1994.??.??"]
[Round "?"]
[White "Molinaroli, Martin"]
[Black "Galanov, Boris"]
[Result "0-1"]
[WhiteElo "2280"]
[BlackElo "2430"]

1.d4 Nf6 2.Nf3 g6 3.c4 Bg7 4.Nc3 O-O 5.e4 d6 6.Be2 e5 7.O-O Nc6 8.d5 Ne7
9.Nd2 a5 10.Rb1 Nd7 11.a3 f5 12.b4 Nf6 13.f3 Bh6 14.Nb3 Bxc1 15.Rxc1 axb4
16.axb4 f4 17.c5 g5 18.Qc2 Ne8 19.Ra1 Rxa1 20.Rxa1 Ng6 21.Ra8 g4 22.fxg4 Qh4
23.Rxc8 f3 24.g3 Qxg4 25.Rxe8 f2+ 26.Kg2 Nf4+ 27.Kh1 Qf3+  0-1

[Event "Berliner Sommer"]
[Site "Berlin"]
[Date "1994.??.??"]
[Round "?"]
[White "Lieb, Harald"]
[Black "Kruppa, Yuri"]
[Result "0-1"]
[WhiteElo "2225"]
[BlackElo "2545"]

1.d4 Nf6 2.c4 g6 3.Nc3 Bg7 4.e4 d6 5.Be2 O-O 6.Nf3 e5 7.O-O Nc6 8.d5 Ne7
9.Nd2 a5 10.a3 Nd7 11.Rb1 f5 12.f3 Bh6 13.Kh1 Kh8 14.b4 Ng8 15.Nb3 axb4 16.axb4 Bxc1
17.Rxc1 Ndf6 18.c5 Nh5 19.Ra1 Rxa1 20.Qxa1 f4 21.Qe1 Qg5 22.Kg1 Ng3 23.Rf2 Nxe2+
24.Rxe2 Qe7 25.cxd6 cxd6 26.Qc1 g5 27.Rc2 Bd7 28.Nd1 g4 29.fxg4 Bxg4 30.Nf2 Bd7
31.Rc7 Nf6 32.Nd2 b5 33.Nf3 Rg8 34.Qf1 Qd8 35.Qc1 Qe8 36.Qc2 Qg6 37.Ne1 h5
38.Qd3 Rg7 39.Kf1 Ng4 40.Nxg4 hxg4 41.Qc2 Kh7 42.Qf2 Qf6 43.Qa7 Be8 44.Rxg7+ Qxg7
45.Qb8 Qd7 46.g3 fxg3 47.hxg3 Bg6 48.Qf8 Bxe4 49.Qf6 Bxd5 50.Nc2 Qf7  0-1

[Event "Bern op"]
[Site "Bern"]
[Date "1994.??.??"]
[Round "2"]
[White "Mueller, L."]
[Black "Gallagher, Joseph G"]
[Result "0-1"]
[WhiteElo "2220"]
[BlackElo "2485"]

1.d4 Nf6 2.c4 g6 3.Nc3 Bg7 4.e4 d6 5.Nf3 O-O 6.Be2 e5 7.O-O Nc6 8.d5 Ne7
9.Nd2 Ne8 10.b4 f5 11.c5 Kh8 12.Nc4 Ng8 13.a4 fxe4 14.Nxe4 Ngf6 15.Nxf6 Nxf6
16.Bg5 h6 17.Be3 Bf5 18.Na5 b6 19.Nc6 Qd7 20.cxb6 cxb6 21.a5 Be4 22.Bf3 Bxf3
23.Qxf3 Qf7 24.axb6 axb6 25.Rxa8 Rxa8 26.Rd1 e4 27.Qf4 Qxd5 28.Rc1 g5 29.Qg3 b5
30.h4 g4 31.Ne7 Qe6 32.Ng6+ Kh7 33.Nf4 Qe5 34.Bd2 d5 35.Qb3 Ra1 36.Rxa1 Qxa1+
37.Kh2 Qf1 38.Nxd5 g3+ 39.fxg3 Ng4+ 40.Kh3 Nf2+  0-1